000 00211 a2200097 4500
001 29487
100 _aMondey
245 _aIllustrated encyclopedia of aircraft
260 _a
_bHamlyn
_c
090 _c19669
_d19669
942 _aNUST-CAE
_cM
_c10745
999 _c264560
_d264560